All Taylor Swift setlists - Statistics

General Stats
  • This quiz has been taken 17 times
  • The average score is 175 of 222
Answer Stats
Hint Answer % Correct
14 Bad Blood/Should've Said No
100%
15 | 20 Long Live
100%
16 Long Live/New Year's Day
100%
4 Style/Love Story/You Belong With Me
100%
2 | 8 | 9 | 21 22
91%
10 | 13 | 14 All Too Well
91%
12 | 24 All Too Well (10 Minute Version)
91%
6 Back To December/Apologize/You're Not Sorry
91%
14 | 15 | 30 | 36 Bad Blood
91%
2 | 3 | 12 | +2 others Blank Space
91%
6 | 8 | 15 | 16 Delicate
91%
13 | 19 Enchanted
91%
13 | 14 | 16 Enchanted/Wildest Dreams
91%
5 | 6 | 7 Fearless
91%
9 Fearless/I'm Yours
91%
3 | 4 | 11 | +2 others I Knew You Were Trouble
91%
5 | 17 | 18 Look What You Made Me Do
91%
5 | 8 | 9 | +5 others Love Story
91%
16 Ours
91%
2 | 4 Our Song
91%
1 | 14 | 15 ...Ready For It?
91%
5 | 12 | 13 | +2 others Style
91%
10 | 11 | 15 | +3 others We Are Never Ever Getting Back Together
91%
9 We Are Never Ever Getting Back Together/Bad Blood
91%
1 | 4 | 6 | +3 others You Belong With Me
91%
7 Better Than Revenge
82%
2 Cruel Summer
82%
12 Dear John
82%
15 | 16 | 17 Don't Blame Me
82%
6 End Game
82%
7 | 8 | 17 Fifteen
82%
3 Gorgeous
82%
14 Haunted
82%
2 I Did Something Bad
82%
5 | 15 Lover
82%
1 ME!
82%
2 Mine
82%
9 | 15 | 16 | +4 others Shake It Off
82%
17 Should've Said No
82%
8 Speak Now
82%
1 State of Grace
82%
1 Welcome To New York
82%
4 | 14 You Need To Calm Down
82%
8 All You Had To Do Was Stay
73%
40 Anti-Hero
73%
21 | 28 august
73%
19 | 26 betty
73%
31 But Daddy I Love Him/So High School
73%
18 | 31 cardigan
73%
13 | 20 champagne problems
73%
15 Change
73%
8 Cornelia Street
73%
12 Daylight
73%
4 Teardrops On My Guitar
73%
34 Fortnight
73%
17 Getaway Car
73%
7 Hey Stephen
73%
2 | 8 Holy Ground
73%
36 I Can Do It With a Broken Heart
73%
7 I Know Places
73%
22 | 29 illicit affairs
73%
45 Karma
73%
7 King of My Heart
73%
39 Lavender Haze
73%
12 | 24 marjorie
73%
44 Mastermind
73%
5 | 6 Mean
73%
1 Miss Americana & The Heartbreak Prince
73%
23 | 30 my tears ricochet
73%
1 | 2 New Romantics
73%
14 | 16 | 17 Out of the Woods
73%
14 Picture To Burn
73%
3 | 10 | 11 Red
73%
1 | 12 Sparks Fly
73%
4 | 6 The Archer
73%
27 the last great american dynasty
73%
3 | 9 The Man
73%
35 The Smallest Man Who Ever Lived
73%
20 This Is Why We Can't Have Nice Things
73%
13 This Love
73%
9 Tim McGraw
73%
14 tolerate it
73%
42 Vigilante Shit
73%
10 White Horse
73%
11 | 25 willow
73%
13 You're Not Sorry
73%
11 Begin Again
64%
43 Bejeweled
64%
18 Call It What You Want
64%
10 Clean
64%
10 Dancing With Our Hands Tied
64%
33 Down Bad
64%
13 Dress
64%
10 Everything Has Changed
64%
6 Forever & Always
64%
6 How You Get The Girl
64%
5 I Wish You Would
64%
10 Last Kiss
64%
41 Midnight Rain
64%
25 the 1
64%
5 The Lucky One
64%
3 The Story of Us
64%
10 tis the damn season
64%
16 Treacherous
64%
32 Who's Afraid of Little Old Me?
64%
29 | 35 Wildest Dreams
64%
9 You Are In Love
64%
7 Death By a Thousand Cuts
55%
7 Stay Stay Stay
55%
3 Tell Me Why
55%
12 The Way I Loved You
55%
6 I Don't Wanna Live Forever
36%
16 I'm Only Me When I'm With You
36%
8 | 11 This Is What You Came For
27%
9 Better Man
18%
No matching quizzes found
Score Distribution
Percent of People with Each Score
Percentile by Number Answered
Your Score History
You have not taken this quiz